| 000 | 00809nam a2200265zi 4500 | ||
|---|---|---|---|
| 999 |
_c7678 _d7678 |
||
| 001 | 991060897816806706 | ||
| 003 | OSt | ||
| 005 | 20230328133304.0 | ||
| 008 | 220103s2022 spc |||| 0 cat|c | ||
| 017 |
_aDL B 20566-2022 _bBiblioteca de Catalunya |
||
| 020 | _a9788417796730 | ||
| 040 |
_aES-BaBM _bcat _erda _cCDMR |
||
| 100 | 1 |
_aBatista Viladrich, Antoni _94247 |
|
| 245 | 1 | 4 |
_aEls Portaveus de Déu / _cAntoni Batista |
| 264 | 1 |
_aBarcelona : _bFragmenta Editorial, _c2022 |
|
| 300 |
_a175 pàgines ; _c21 cm. |
||
| 490 | 1 |
_aAssaig ; _v74 |
|
| 600 | 1 | 7 |
_aMouttapa, Jean. _2lemac |
| 650 | 0 |
_aReligió i premsa _93101 |
|
| 650 | 0 |
_aMitjans de comunicació de massa en la religió _94513 |
|
| 830 | 0 |
_aAssaig (Fragmenta Editorial) ; _v74 |
|
| 908 |
_aBMON _aCLR |
||
| 940 | _aBMON | ||
| 942 |
_2udc _cMON |
||